书目信息 |
| 题名: |
先秦哲学与美学论丛
|
|
| 作者: | 胡家祥 著 | |
| 分册: | ||
| 出版信息: | 北京 中国社会科学出版社 2010.6 |
|
| 页数: | 204页 | |
| 开本: | 24cm | |
| 丛书名: | ||
| 单 册: | ||
| 中图分类: | B220.5 , B83-092 | |
| 科图分类: | ||
| 主题词: | 先秦哲学--哲学史--研究 , 美学史--研究--中国--先秦时代 , 先秦哲学 , 哲学史 , 美学史 | |
| 电子资源: | ||
| ISBN: | 978-7-5004-8676-3 | |
| 000 | 00915nam0 22002891 45 | |
| 001 | 1360091515 | |
| 005 | 20130530094613.92 | |
| 010 | @a978-7-5004-8676-3@dCNY28.00 | |
| 100 | @a20130513d2010 em y0chiy50 ea | |
| 101 | 0 | @achi |
| 102 | @aCN@b110000 | |
| 105 | @ay z 000yy | |
| 106 | @ar | |
| 200 | 1 | @a先秦哲学与美学论丛@AXian Qin Zhe Xue Yu Mei Xue Lun Cong@f胡家祥著@FHu Jia Xiang Zhu |
| 210 | @a北京@c中国社会科学出版社@d2010.6 | |
| 215 | @a204页@d24cm | |
| 330 | @a本书分为上、下两编,内容包括先秦哲学思想散论和先秦美学思想简述,对先秦哲学和先秦美学史进行了深入的分析和研究。 | |
| 606 | 0 | @a先秦哲学@x哲学史@x研究 |
| 606 | 0 | @a美学史@x研究@y中国@z先秦时代 |
| 606 | 0 | @a先秦哲学 |
| 606 | 0 | @a哲学史 |
| 606 | 0 | @a美学史 |
| 690 | @aB220.5@v5 | |
| 690 | @aB83-092@v5 | |
| 701 | 0 | @a胡家祥@AHu Jia Xiang@f(1954~)@4著 |
| 801 | @aCN@bTANGWEI@c20130522 | |
| 905 | @b0834044-47@dB220.5@e436@f4 | |
| 先秦哲学与美学论丛/胡家祥著.-北京:中国社会科学出版社,2010.6 |
| 204页;24cm |
| ISBN 978-7-5004-8676-3:CNY28.00 |
| 本书分为上、下两编,内容包括先秦哲学思想散论和先秦美学思想简述,对先秦哲学和先秦美学史进行了深入的分析和研究。 |
| ● |
| 相关链接 |
|
|
|
|
正题名:先秦哲学与美学论丛
索取号:B220.5/436
 
预约/预借
| 序号 | 登录号 | 条形码 | 馆藏地/架位号 | 状态 | 备注 |
| 1 | 0834044 | 208340446 | 第一样本阅览室/ [索取号:B220.5/436] | 在馆 | |
| 2 | 0834045 | 208340455 | 第一借阅区/ [索取号:B220.5/436] | 在馆 | |
| 3 | 0834046 | 208340464 | 第一借阅区/ [索取号:B220.5/436] | 在馆 | |
| 4 | 0834047 | 208340473 | 第一借阅区/ [索取号:B220.5/436] | 在馆 |